Statistics for Strongest Naruto Characters

Click here to take the quiz!

General Stats

  • This quiz has been taken 1,700 times
  • The average score is 9 of 15

Answer Stats

HintAnswer% Correct
5Naruto
99%
6Sasuke
98%
1Madara
94%
7Kakashi
90%
2Obito
84%
8Itachi
79%
3Hashirama
77%
9Tobirama
70%
12Orochimaru
62%
4Nagato
61%
14Kabuto
40%
13Danzo
23%
10Maito Gai
20%
11Jiraya
18%
15Mu
4%

Score Distribution

Percentile by Number Answered

Percent of People with Each Score

Your Score History

You have not taken this quiz